10 państw najbliżej Kanady - Statystyki

Ogólne statystyki
  • Ten quiz został rozwiązany 109 razy
  • Średni wynik to 8 z 10
Statystyki odpowiedzi
km Państwo % Poprawnych
0 Stany Zjednoczone
100%
0 Dania (Grenlandia)
96%
1777 Rosja
93%
2564 Islandia
87%
1255 Wielka Brytania
79%
3055 Irlandia
73%
1224 Norwegia
68%
21 Francja (Saint-Pierre i Miquelon)
64%
2377 Szwecja
62%
2371 Finlandia
56%
Nie znaleziono quizów pasujących do podanych kryteriów
Rozkład punktacji
Procent ludzi z każdym wynikiem
Percentyl według liczby udzielonych odpowiedzi
Twoja historia wyników
Nie rozwiązałeś tego quizu